The land value tax being part III of the Finance Act 1931, annotated and explained with an introduction (Record no. 86917)

MARC details
000 -LEADER
fixed length control field 00495cam a2200181 4500
001 - CONTROL NUMBER
control field D13813
008 - FIXED-LENGTH DATA ELEMENTS--GENERAL INFORMATION
fixed length control field 090401t1931 xxu||||| |||| 00| 0 eng d
035 ## - SYSTEM CONTROL NUMBER
System control number (Sirsi) u11826
041 ## - LANGUAGE CODE
Language code of text/sound track or separate title eng
100 ## - MAIN ENTRY--PERSONAL NAME
Personal name Samuels, H.
245 #4 - TITLE STATEMENT
Title The land value tax being part III of the Finance Act 1931, annotated and explained with an introduction
260 ## - PUBLICATION, DISTRIBUTION, ETC.
Place of publication, distribution, etc. London
Name of publisher, distributor, etc. Eyre & Spotteswoode Ltd
Date of publication, distribution, etc. 1931
350 ## - PRICE (NR) (BK AM CF MU VM SE) [OBSOLETE]
Price 0
520 ## - SUMMARY, ETC.
Summary, etc. Shelf 134
700 ## - ADDED ENTRY--PERSONAL NAME
Personal name Fores, P.
942 ## - ADDED ENTRY ELEMENTS (KOHA)
Suppress in OPAC 0
948 ## - LOCAL PROCESSING INFORMATION (OCLC); SERIES PART DESIGNATOR (RLIN)
c (OCLC) 04/03/1997
Holdings
Withdrawn status Lost status Source of classification or shelving scheme Damaged status Not for loan Home library Current library Shelving location Date acquired Total Checkouts Full call number Barcode Date last seen Copy number Price effective from Koha item type
    Other/Generic Classification Scheme     London London Basement 14/09/1999   SHELF 134 30022368 06/08/2019 1 06/08/2019 Reference material